[Event "SCO-ch"]
[Site "Edinburgh"]
[Date "1999.07.21"]
[Round "6"]
[White "Rowson, Jonathan"]
[Black "Motwani, Paul"]
[Result "1-0"]
[WhiteElo "2490"]
[BlackElo "2465"]
[Annotator "Rowson,J"]
[PlyCount "81"]
[EventDate "1999.07.16"]
[EventType "swiss"]
[EventRounds "9"]
[EventCountry "SCO"]
[SourceTitle "CBM 071 Extra"]
[Source "ChessBase"]
[SourceDate "1999.09.14"]
[SourceVersion "1"]
[SourceVersionDate "1999.09.14"]
[SourceQuality "1"]

1. Nf3 {Trying to play to my strenghts. Before the tournament I realised that
I wasn't very sharp tactically and my opening repertiore was a mess. I was
planning to play this game in something like "plus-equals mode" as John
Speelman had against me at last year's British; just enough tension to claim a
little something and giving the opponent very little scope for activity. I
have noticed that Paul is world class in exact positions but less strong in
abstract ones. The main thing was to keep the position strategic, and keep
Paul on the defensive.} d5 2. c4 c6 3. e3 $1 {Trying to fiddle with the move
order; avoiding the Slav proper and in the full knowledge that Paul doesn't
play the semi-slav.} Nf6 4. Nc3 g6 {This was pleasing, though not surprising
knowing Paul's repertoire.} 5. d4 {Now it's vaguely theoretical, but I know
these lines reasonably well.} Bg7 6. Be2 $1 {I think this is the best square
for the bishop; if Black plays ...Bg4(and ...Bxf3) I want my queen targeting
Black's weakened light squares on the queenside on b3 or a4, rather than
looking somewhat lost on f3.} O-O 7. O-O Bg4 $6 {I'm not sure if this is the
best move; I think White now has good chances to gain a stable advantage.} (
7... dxc4) (7... Be6) (7... Ne4) (7... b6) (7... Nbd7) 8. cxd5 $1 Nxd5 $6 {
I know that Paul tends to prefer fluid positions, but I think it is just a
mistake to give White an extra centre pawn like this. White will quickly
establish central control because Black is not sufficiently mobilised to
undermine White's central predominance.} (8... cxd5 {is better, when} 9. Qb3 {
is slightly better for White. The critical line is} b6 10. h3 (10. Bd2 Nc6 11.
Ne5 Nxe5 12. dxe5 Ne4 $1 {Motwani.}) 10... Bxf3 11. Bxf3 e6 {When White needs
to prevent ...a6, ...b5 and ...Nc6-a5-c4. Since this can be done, the game
will probably be quite technical with White always having some advantage due
to the two bishops.}) 9. h3 Bxf3 {Paul doesn't like to lose time;} (9... Bf5
10. Qb3 b6 11. Bd2 {is very comfortable for White.}) 10. Bxf3 {Now I have two
bishops and an extra centre pawn.} e6 11. e4 $1 {The most vigorous
interpretation of the position; quieter approaches may give White some
positional advantage but Black is very solid.} Nb6 12. e5 $1 {Consistent. In
such structures Black sorely misses his light squared bishop. Without it it is
very difficult to play freeing pawn breaks without creating weaknesses. I
think Paul only now realised that he had some problems. I think White is
already clealy better and Black will have to do something very creative to
avoid coming under heavy pressure.} (12. Be3 Nc4 13. Qb3 Nxe3 14. Qxb7 Nxf1 15.
Qxa8 Nd2) 12... N8d7 $6 {Perhaps a little routine, this may be the moment when
Black's position goes from bad to worse. It is difficult to know what to
suggest. Somehow Black has to cover d6, get ready for Ne4 and Bg5(or b3 and
Ba3) and either attack d4 or play for a pawn break.} (12... f5 $5 13. exf6 (13.
Qb3 Qxd4 14. Qxe6+ Kh8 $13) (13. g3 $14) 13... Qxf6 14. Qb3 (14. Be3 Na6 15.
Ne4 Qe7) ({But...} 14. Ne4 $1 Qxd4 15. Nd6 $1 $16 {is the correct punishment;
so ...f5 is not enough.}) 14... Na6 $1 15. Ne4 Qxd4 16. Qxe6+ Kh8 {and Black
has a free position.}) (12... Na6 13. Ne4 h6 14. b3 Nb4 $5 15. Ba3 a5 16. Nd6
Qe7 17. Qd2 Nc8 18. Nc4 $16) (12... a5 {This looks obtuse, but I like it
somehow.} 13. Ne4 Na6 14. Bg5 Qc7 15. Qd2 a4 {Just inviting me to do my best,
or worst; an exhcange sacrafice on d8 may be possible if the rest of Black's
position is in order.} 16. Qf4 Nd5 17. Qh4 Nab4 $5 {It's all a bit suspicious,
and I know Paul tends not to be so provocative, but mabye Black's best bet is
just to mobilse effectively, let white get on with it, and react accordingly.})
13. Ne4 Qc7 (13... h6 14. b3 $1) (13... Nd5 14. Bg5 Qb6 15. Qd2 Qb4 (15... c5 {
critical.} 16. dxc5 Nxc5 17. Nxc5 Qxc5 18. Rac1 (18. Rfc1 $5) 18... Qb5 19. a4
Qd7 20. Rfd1 Bxe5 21. Bxd5 exd5 22. Qxd5 Qxd5 23. Rxd5 f6 24. Be3 Rfd8 25. Rcd1
Rxd5 26. Rxd5 b6 27. b4 Rc8 28. f4 $1 $16 {That's a long line(not all forcing),
but the gist of it is that Black is struggling to hold on.}) 16. Qxb4 Nxb4 17.
Be7 Na6 18. Bxf8 Bxf8 {This is reasonable way for Black to play; all of
Black's pieces will be good; d4 is weak and it's not easy to make use of the
extra exchange. Presumably White should be winning in the long term though.})
14. Bg5 f5 {This turns out bad, but you can understand why Paul was keen to
get some breathing space for his pieces.} (14... h6 15. Be7 $2 (15. Bh4 $1 {
after this, breaking with the f-pawn will leave the king very weak.}) 15...
Nxe5 $1) 15. exf6 Nxf6 16. Nc5 $1 Rae8 17. Re1 $1 {Only now did I have some
difficult decisions to make. I didn't like to weaken my f2 pawn like this, but
I was keen to hold up ...e5 and} (17. Qb3 Nfd5 {leads nowhere.}) 17... Qf7 (
17... e5 18. dxe5 Rxe5 19. Ne6) 18. Bh4 $1 {The key move which I had foreseen,
I will clamp down on ...e5, protect f2 and threaten to come to d6; things have
become fairly desperate for Black.} Nfd5 (18... Nh5 19. Ne4 $1) 19. Bg3 e5 $1 {
A good practical try. For most of the next twenty moves Paul outplays me, but
his position, on the board and the clock, was too really too bad to allow for
a full come-back.} 20. dxe5 $1 {This way I get rid of my newly passified
bishop, recentralise my knight and keep Black's position bottled up.} Nf4 21.
Bxf4 Qxf4 22. Re4 ({I decided against} 22. Qb3+ {on the grounds that it gave
Black better drawing chances than he had in the game but mabye I was mistaken.}
Qc4 23. Nxb7 Qxb3 24. axb3 Rxe5 ({Maybe} 24... Nd5 $5 {but} 25. Na5 $1 {
looks fairly convincing.}) 25. Rxe5 Bxe5 26. Bxc6 Bxb2 (26... Nc8 $1 $14 {
I think this is why I rejected this line-White will have more technical
problems than I should have had in the game.}) 27. Rxa7 $18) 22... Qf7 23. Qe2
$6 {Sensible enough; I just wanted to get all my forces mobilised and then
think about regrouping. However, Paul did well to show that my weaknesses on
the d-file make it difficult to regroup so with more than an hour on the clock
I should have thought a little longer here. The main problem is that my bishop
on f3 is not too happy.} (23. Qe1 $1 {looks better. Intending a quick Bd1-b3.
I think this would leave me with fewer technical problems.}) 23... Nd5 24. Nd3
(24. e6 $6 {is premature.} Qe7 25. Nd7 Nf6 $1) 24... Rd8 $1 {Paul calmly and
effectively regrouped despite being very short of time.} 25. Re1 Rfe8 $1 26. a3
Qe7 $1 27. Qc2 Kh8 $1 {Both of us have played the technical phase sensibly,
but now I got impatient and decentralised. I had seen the knight manouver
d5-c7-e6-d4 but for some reason I missed that the knight could also come to d4
via b5.} 28. Ra4 $6 (28. Be2 $5 Nc7 29. Bf1 Ne6 30. Qa4 Rxd3 31. Bxd3 Nc5 32.
Qc2 Nxe4 33. Rxe4 Bxe5 34. f4 Bd4+ 35. Rxd4 Qe3+ 36. Qf2) (28. Nc1 $5 Nc7 29.
Nb3) 28... Nc7 $1 {Oops; my first uneasy feeling of the game. I found a novel
way to make sense of my position, but it was by no means all part of the plan.}
29. Ree4 $5 {Partly solving the d4 problem and mabye veering towards something
on the kingside.} (29. Rxa7 Nb5 30. Ra4 Nd4 31. Qd1 b5 {And my coordination
has been badly compromised.}) 29... Nb5 30. Rac4 a5 31. Be2 Rd5 $1 32. a4 Nc7
33. Bf1 Red8 34. b4 $1 {Trying to create a second weakness to distract him
from the kingside.} Ne6 35. bxa5 Rxa5 36. Ne1 $6 {Well well. Scottish IM
Douglas Bryson once told me that he almost never plays a game that flows
smoothly from start to finish; there is always a "moment" of sorts where
someone misses a big defensive opportunity or the nature of the position
changes more than one might reasonable expect. This was such a "moment". Until
now I have more or less kept things under control but I was beginning to catch
Paul up on the clock and was somewhat frustrated by my lack of progress over
the last few moves. I had long since been wanting to put my knight on f3 and
bishop on the a2-g8 diagonal but here I momentarily took away the protection
of the e5 pawn. It's been over-protected for so long that I doubt if either
player had thought about taking it for, say, at least a quarter of an hour! I
really can't remember if I did it knowingly; trying to make his teetering flag
collapse under the shock or strain of calculation; more likely I just lost my
bearings for a moment. In any case it all passed very fast and I don't
consider it a huge blemish on the game.} (36. Qb1 $1 {keeps control; Rb4 may
follow.}) 36... Rad5 (36... Rxe5 37. Nf3 Rxe4 38. Rxe4 {White still has some
initiative; in particular the opposite bishops and Black's lack of pawn shield
holds promise for some attack. Still, with just three moves to make(in about
twenty seconds) and the most chuncky part of advantage gone, Paul would have
good defensive chances.}) 37. Nf3 {Now I have total control and at long last I
can think of attacking the black king.} c5 38. Re1 $1 b6 $6 39. Qb1 $1 {
Over-stretching Black's forces.} Qc7 40. Rh4 $1 Nd4 41. Ng5 {Suddenly White's
forces coordinate perfectly; what is luck in chess?} 1-0

[Event "Dublin zt"]
[Site "Dublin"]
[Date "1993.??.??"]
[Round "8"]
[White "Speelman, Jonathan S"]
[Black "Hodgson, Julian M"]
[Result "1-0"]
[WhiteElo "2595"]
[BlackElo "2565"]
[Annotator "Speelman,J"]
[PlyCount "77"]
[EventDate "1993.04.??"]
[EventType "swiss"]
[EventRounds "11"]
[EventCountry "IRL"]
[SourceTitle "CBM 038"]
[Source "ChessBase"]
[SourceDate "1994.02.01"]
[SourceVersion "1"]
[SourceVersionDate "1994.02.01"]
[SourceQuality "1"]

1. Nf3 Nf6 2. c4 c6 3. Nc3 d5 4. e3 g6 5. d4 Bg7 6. Be2 O-O 7. O-O dxc4 $5 8.
Bxc4 Bg4 9. Be2 $5 $146 Nbd7 10. e4 Bxf3 11. Bxf3 e5 12. d5 (12. dxe5 Nxe5 13.
Be2 Qe7 14. Qc2 Rfe8) 12... cxd5 13. Nxd5 (13. exd5) 13... Nc5 $1 (13... Nb6
14. Nxf6+ Qxf6 15. b3 (15. Qb3 Qc6 16. Be3 Nc4 17. Rfc1 b5 $10)) 14. Be3 $5 (
14. Bg5 Ne6 $10) 14... Ne6 (14... Ncxe4 15. Nxf6+ (15. Bxe4 $5 Nxe4 16. Qb3)
15... Nxf6 16. Bc5 (16. Qb3 $5 e4 17. Be2 b6 $44) 16... Re8 17. Bxb7 Qxd1 18.
Rfxd1 Rab8 19. Bc6 Rec8 20. Bxa7 Rxb2 21. Rdc1 Rc7 22. Be3 $13 Ng4 (22... e4)
23. Bd5 Rxc1+ 24. Rxc1 (24. Bxc1 Rxf2 25. Rb1 (25. Bf3 $2 e4 26. Bxg4 Bd4 $1
$19) 25... Bf8 $1 26. Be3) 24... Nxe3 25. fxe3 Bh6) 15. Nxf6+ Bxf6 16. Qb3 Qe7
(16... Bg5 $5 17. Qxb7 $5 (17. Bg4 Bxe3 (17... Nd4) 18. Bxe6 Bd4 19. Bd5 $10)
17... Bxe3 18. fxe3 Qd2 (18... Qd3 19. Qb3 Qxb3 20. axb3 Rfb8) 19. Qb3 Rab8 (
19... Nc5 20. Qc3 Qxc3 21. bxc3) 20. Rf2 Qxf2+ 21. Kxf2 Rxb3 22. axb3 Rb8 23.
Rxa7 Rxb3 24. Ra2 Nc5 25. Ke2 Rb4 (25... Nd3 26. Ra3 $1) 26. Kd2 $16) 17. Bg4
$1 Nf4 (17... Nd4 18. Bxd4 exd4 19. Qd3 $14 {intending Bg4-d1-b3-d5, f4,e5 xd4}
) 18. Rac1 b6 19. g3 h5 20. Bd1 Ne6 21. Qb5 (21. h4 $10) 21... Rad8 $2 (21...
Bg5 $1 22. Qxe5 (22. Bxg5 Qxg5 23. Bb3 Nd4 24. Qd3) 22... Bxe3 23. fxe3 Rae8 $1
24. Bb3 (24. Ba4 Nc5 $1) 24... Nc5 25. Qxe7 Rxe7 26. Bd5 Nxe4 27. Bxe4 $5 Rxe4
28. Rc7 a5 (28... Rxe3 29. Rxa7)) 22. Bb3 Nd4 23. Bxd4 Rxd4 24. Bd5 Bg5 25.
Rcd1 $5 (25. Rc6 Kg7) (25. Rc4) 25... Rxd1 26. Rxd1 Rc8 27. Bb3 Rc1 $4 (27...
Rc7) (27... Rc5 28. Qd7 (28. Qa4 $5) 28... Rc1 $1 $10) 28. Rxc1 Bxc1 29. Qc6 $1
$16 Bxb2 30. Qxg6+ Kf8 31. Qh6+ Kg8 32. h4 $1 (32. Qxh5 Qf6 {xf2}) 32... Bd4
33. a4 a6 (33... Bc5) 34. Kg2 b5 $22 (34... Bc5 35. Bd5 (35. Bc4) 35... Qd6 (
35... a5) 36. Qg5+ (36. Qxh5 Qf6 37. Qe2 b5) 36... Kf8 37. Qf5 Qe7 38. Bc4 (38.
Qc8+ Kg7 39. Qxa6 Qf6 40. Qe2) 38... b5 (38... a5 $1) 39. axb5 axb5 40. Bxf7 $1
(40. Bxb5 Kg7 41. Qxh5 Qf6 42. Qe2 $16) 40... Qxf7 41. Qc8+ Kg7 42. Qxc5 $18)
35. a5 $18 Qa7 36. Qxh5 Bxf2 37. Qxf7+ $1 Qxf7 38. Bxf7+ Kxf7 39. Kxf2 {
intending g4,h5 Kf2-...d5xe5} 1-0

[Event "Olympiad-30"]
[Site "Manila"]
[Date "1992.06.17"]
[Round "9.2"]
[White "Speelman, Jonathan S"]
[Black "Petursson, Margeir"]
[Result "1/2-1/2"]
[WhiteElo "2630"]
[BlackElo "2555"]
[Annotator "Speelman,J"]
[PlyCount "86"]
[EventDate "1992.06.08"]
[EventType "team-swiss"]
[EventRounds "14"]
[EventCountry "PHI"]
[SourceTitle "CBM 030"]
[Source "ChessBase"]
[SourceDate "1992.10.01"]
[SourceVersion "1"]
[SourceVersionDate "1992.10.01"]
[SourceQuality "1"]
[WhiteTeam "England"]
[BlackTeam "Iceland"]
[WhiteTeamCountry "ENG"]
[BlackTeamCountry "ISL"]

1. d4 d5 2. c4 c6 3. Nc3 Nf6 4. e3 g6 5. Nf3 Bg7 6. Be2 O-O 7. O-O e6 $5 8. Rb1
Nbd7 9. b4 $14 {Space} b6 10. a4 (10. cxd5 $5 cxd5 $14 (10... exd5 $2 11. b5 $1
)) 10... Bb7 11. Ba3 (11. cxd5 exd5 12. b5 $2 c5 $1) 11... Qc7 12. Qb3 Rfc8 13.
Rfc1 Qd8 14. cxd5 $5 exd5 $5 (14... cxd5 $14) 15. Rd1 {x...c5} Qe7 16. Nd2 Bf8
$1 17. Ra1 Qe6 18. Bf3 {intending e4} (18. e4 $5) 18... Re8 $1 $8 19. a5 $5
Rac8 $2 (19... Rab8) 20. Bb2 $1 Rb8 21. axb6 axb6 22. b5 $1 c5 23. Ra7 {
xd5 7th rank} cxd4 24. exd4 Bh6 25. Nf1 Nf8 $1 {intending ...Ne6 xd4 /...g5} (
25... Ne4 $6 26. Nxe4 (26. Bxe4 $5) 26... dxe4 27. Qxe6 (27. d5 $5) 27... Rxe6
28. Bg4 (28. d5 $5 Ree8) 28... Rd6 (28... f5 $5 29. Be2 {x a2-g8}) 29. Ba3 Rd5
30. Be7 $1 $16 (30. Ne3 $2 Bxe3 31. fxe3 Nf6 32. Be2 Rd7 $1 {intending ..Nd5}))
26. h3 $5 (26. Ba3 {x ...Qd6} Qd7 27. Rxb7 $5 Rxb7 28. Nxd5) (26. Bc1 Bxc1 27.
Rxc1 Qd6 28. Ne3 Ne6 {xd4}) 26... Qd6 (26... Ne4 27. Bxe4 $1 dxe4 28. d5 $1 {
xdiagonal b2-h8}) 27. Ba3 (27. Nh2 {intending to attack d5} Ne6 $1 28. Ng4 $2
Nxg4 29. hxg4 Nxd4 $1) 27... Qd8 28. Rxb7 $5 {Time trouble} (28. Nh2 Ne6 29.
Ng4 (29. h4 $5) 29... Nxg4 30. hxg4 $2 (30. Bxg4 Bg7 $5 $10) 30... Nxd4 $1 31.
Rxd4 Re1+ 32. Kh2 Qh4#) (28. Bxf8 $5) (28. Bc1 $5 Bxc1 29. Rxc1 Ne6 $10) 28...
Rxb7 29. Nxd5 Nxd5 30. Bxd5 $44 Ra7 31. Bb4 Bg7 32. Ne3 Rd7 {Time trouble} 33.
Bc6 Rxd4 34. Bxe8 Qxe8 35. Rxd4 Bxd4 36. Qd3 Ne6 $10 37. Nd5 Qa8 38. Ne7+ Kg7
39. Bc3 Qa4 40. Nd5 Bxc3 41. Qxc3+ Qd4 42. Qxd4+ Nxd4 43. Nxb6 Nxb5 1/2-1/2

[Event "Olympiad-31"]
[Site "Moscow"]
[Date "1994.12.09"]
[Round "8.4"]
[White "Seirawan, Yasser"]
[Black "Meduna, Eduard"]
[Result "1-0"]
[WhiteElo "2585"]
[BlackElo "2485"]
[Annotator "Speelman,J"]
[PlyCount "75"]
[EventDate "1994.12.01"]
[EventType "team-swiss"]
[EventRounds "14"]
[EventCountry "RUS"]
[SourceTitle "CBM 045"]
[Source "ChessBase"]
[SourceDate "1995.04.01"]
[SourceVersion "1"]
[SourceVersionDate "1995.04.01"]
[SourceQuality "1"]
[WhiteTeam "US of America"]
[BlackTeam "Czech Republic"]
[WhiteTeamCountry "USA"]
[BlackTeamCountry "CZE"]

1. d4 {Ftacnik Kharitonov} d5 2. c4 c6 3. Nc3 Nf6 4. e3 g6 5. Nf3 Bg7 6. Bd3
O-O 7. O-O (7. h3 {Kharitonov} Na6 8. O-O Bf5 9. Bxf5 gxf5 10. b3 Ne4 11. Bb2
e6 12. Ne2 Kh8 13. Nf4 Nc7 14. Qe2 $14 {Gelfand,B-Hertneck,G/Munchen/1993/1:0/
52/}) 7... Bf5 8. Bxf5 gxf5 9. cxd5 (9. b3 {Kharitonov} Ne4 10. Bb2 e6 11. Qe2
f6 12. Rac1 Rf7 13. Ne1 Nd7 14. Nd3 Nf8 15. Na4 Ng6 16. f3 Nd6 17. Nac5 Re7 18.
Qf2 $14 {Sakharov,Y-Donchenko,O/UKR/1966/1:0/45/}) 9... Nxd5 (9... cxd5 {
Kharitonov} 10. Qb3 b6 11. Ne5 e6 12. Bd2 Ng4 13. Nd3 (13. Nxg4 fxg4 14. Rfc1
Nc6 15. Qd1 f5 16. Ne2 $14 {><e6/}) 13... Nc6 14. h3 Nf6 15. Rfc1 Qd7 16. Ne2
Rfc8 {Samarin,I-Sapis,W/POL/1991/} 17. Nef4 Ne7 18. Ne5 $14) 10. Qb3 Nb6 (10...
Nxc3 {Kharitonov} 11. bxc3 $16) (10... b6 {Kharitonov} 11. Bd2 {/\Rac1+/-/}) (
10... Qd7 {Kharitonov} 11. Ne5 Bxe5 12. dxe5 $14) 11. Qc2 e6 12. e4 fxe4 13.
Nxe4 h6 14. Bf4 N8d7 15. Rae1 (15. Rad1 $5 {Kharitonov}) 15... Nd5 (15... Nf6 {
Kharitonov} 16. Nxf6+ Qxf6 17. Be5 $16) 16. Be5 Nxe5 (16... f6 {Kharitonov} 17.
Bg3) (16... N7f6 {Ftacnik} 17. Re2 $16) 17. dxe5 Qe7 18. Ng3 $1 {Heading for
the weak h5 square.} Nf4 (18... Kh8 {Kharitonov} 19. Re4 Rg8 20. Rh4 Bf8 21.
Qd2 Rg6 22. Nh5 Rd8 23. Rd1 Rd7 24. g3 $16) 19. Re4 {The rook joins in the
attack with tempo.} Ng6 20. Nh5 {Tempting was 20.h4 with the idea of h5 but
then the knight would be deprived of the h5 square and White's attack would
not be as dangerous.} (20. h4 $5 {Kharitonov}) 20... Rfd8 21. Rg4 Rd5 22. Qe4
Kf8 (22... Rad8 {Ftacnik} 23. Nh4 $1 (23. Nxg7 Kxg7 24. Nh4 Qe8 $1) 23... Rd4
24. Nxg6 Qb4 25. Qd3 $5 Rxd3 (25... fxg6 26. Qxg6 Rxg4 27. Nf6+ Kf8 28. Nxg4
$16) 26. Rxb4 fxg6 27. Nxg7 Kxg7 28. Rxb7+ R8d7 29. Rxd7+ Rxd7 30. Rc1 Rd2 31.
f4 Rxb2 32. Rxc6 Rxa2 33. Rxe6 $16) 23. Nxg7 (23. h4 {Kharitonov} Bxe5 (23...
Nxe5 24. Nxe5 $1 Bxe5 (24... Rxe5 25. Qh7 $18) 25. Qh7) 24. Rxg6 fxg6 25. Nxe5
Rxe5 26. Qxe5 gxh5 27. Qh8+ $18) 23... Kxg7 24. h4 (24. Nh4 $1 {Kharitonov} Qe8
25. f4 Rad8 (25... Kh7 26. f5 exf5 27. Qxf5 Rd7 28. e6 $18) 26. f5 Rd4 27. Qe2
Rxg4 (27... Rd2 28. fxg6 Rxe2 29. gxf7+ $18) 28. Qxg4 exf5 29. Nxf5+ Kh7 30.
Nd6 Qxe5 31. Rxf7+ Kh8 32. Qxg6 Qe3+ 33. Rf2 $18) 24... h5 (24... Kh8 {
Kharitonov} 25. h5 Nf8 26. Qf4 Kh7 27. Qg3 Nd7 28. Rg7+ Kh8 29. Qg6 $1 fxg6 30.
Rxe7 $16) (24... Kf8 {Ftacnik} 25. Qe3 $16) 25. Rg5 Rh8 26. g4 $5 {Forceful
play though even after a slower buld up with 26.Re1, g3 and Kg2, White is
clearly better and Black cannot break out of the bind.} hxg4 27. Qxg4 Kf8 28.
Re1 (28. h5 Nxe5 29. Nxe5 Rxe5 30. Rxe5 Rg8 31. Qxg8+ Kxg8 $18) 28... Qd7 29.
Re4 Rd3 (29... Ne7 {Kharitonov} 30. Rh5 Rxh5 31. Qxh5 Nf5 32. Qh8+ Ke7 33. Qf6+
Ke8 34. Rg4 Qe7 $13) (29... Ke8 $5 {Ftacnik} 30. h5 Ne7 31. Rf4 Rd1+ 32. Kh2
Qd5 33. Rg7 Qc5 34. Kg2 Nf5 35. Rxf7 $1 Kxf7 36. Qg6+ Ke7 37. Qf6+ Kd7 38. Qxh8
$16) 30. Rxg6 $1 fxg6 31. Rf4+ Kg8 (31... Ke7 {Kharitonov} 32. Qg5+ Ke8 33.
Qxg6+ Kd8 34. Qf6+ $18) (31... Kg7 {Kharitonov} 32. Rf6 (32. Ng5 $18 {Ftacnik})
32... Rh6 33. Ng5 Rd1+ 34. Kh2 Qd5 35. Nxe6+ Kh7 36. Rf7+ Kh8 37. Rf8+ Kh7 38.
Ng5+ Kg7 39. Rf7+ Kg8 40. Qc8+ Qd8 41. Rg7+ $18) (31... Ke8 {Ftacnik} 32. Qxg6+
Kd8 33. Qf6+ $18) 32. Rf6 Rh7 (32... Rh6 {Kharitonov} 33. Qf4 Rxf3 34. Qxf3 Kg7
35. Qg4 $16) 33. h5 Rf7 (33... Rxh5 {Ftacnik} 34. Rxg6+ $18) (33... Rg7 {
Ftacnik} 34. h6 Rf7 35. Qxg6+ Kf8 36. Qg7+ $18) 34. Rxg6+ (34. hxg6 Rg7 35. Qf4
Qe8 {and Black holds on.}) 34... Rg7 35. h6 Rxg6 36. Qxg6+ Kh8 (36... Kf8 {
Kharitonov} 37. h7 Rd1+ 38. Kh2 Qg7 39. Qf6+ $1 Qxf6 40. exf6 $18) 37. Qf6+ (
37. Ng5 {Ftacnik} Rg3+ 38. fxg3 Qd1+ 39. Kh2 Qe2+ 40. Kh3 Qf1+ 41. Kh4 Qh1+ 42.
Nh3 $18) 37... Kg8 38. Ng5 (38. Ng5 {Kharitonov} Rd1+ 39. Kh2 $18) 1-0